书目信息 |
| 题名: |
法律分析应当为何?
|
|
| 作者: | 昂格尔 著 ;李诚予 译 | |
| 分册: | ||
| 出版信息: | 北京 中国政法大学出版社 2007 |
|
| 页数: | 299页 | |
| 开本: | 21cm | |
| 丛书名: | 美国法律文库 | |
| 单 册: | ||
| 中图分类: | D971.2 | |
| 科图分类: | ||
| 主题词: | 法学--研究--美国 , 法学 | |
| 电子资源: | ||
| ISBN: | 978-7-5620-2974-8 | |
| 000 | 01043oam2 2200289 450 | |
| 001 | 1259938587 | |
| 005 | 20121003163946.29 | |
| 010 | @a978-7-5620-2974-8@dCNY24.00 | |
| 100 | @a20070327d2007 em y0chiy50 ea | |
| 101 | 1 | @achi@ceng |
| 102 | @aCN@b110000 | |
| 105 | @ay z 001yy | |
| 200 | 1 | @a法律分析应当为何?@Afa lv fen xi ying dang wei he ?@dWhat should legal analysis become?@f(美)罗伯托·曼戈贝拉·昂格尔(Roberto Mangabeira Unger)著@g李诚予译@zeng |
| 210 | @a北京@c中国政法大学出版社@d2007 | |
| 215 | @a299页@d21cm | |
| 225 | 2 | @a美国法律文库 |
| 300 | @a美国驻华大使馆新闻文化处资助 | |
| 330 | @a本书共二十二章,内容包括自然科学和社会研究中的洞见与转型、民主和实验论、民主实验论的学科工具等。 | |
| 461 | 0 | @12001 @a美国法律文库 |
| 510 | 1 | @aWhat should legal analysis become?@zeng |
| 606 | 0 | @a法学@x研究@y美国 |
| 606 | 0 | @a法学 |
| 690 | @aD971.2@v4 | |
| 701 | 0 | @c(美)@a昂格尔@Aang ge er@c(Unger,Roberto M.)@4著 |
| 702 | 0 | @a李诚予@Ali cheng yu@4译 |
| 801 | 0 | @aCN@bNLC@c20101222 |
| 905 | @a10447@dD971.2@eJY8 | |
| 法律分析应当为何?=What should legal analysis become?/(美)罗伯托·曼戈贝拉·昂格尔(Roberto Mangabeira Unger)著/李诚予译.-北京:中国政法大学出版社,2007 |
| 299页;21cm.-(美国法律文库) |
| 美国驻华大使馆新闻文化处资助 |
| ISBN 978-7-5620-2974-8:CNY24.00 |
| 本书共二十二章,内容包括自然科学和社会研究中的洞见与转型、民主和实验论、民主实验论的学科工具等。 |
| ● |
| 相关链接 |
|
|
|
|
正题名:法律分析应当为何?
索取号:D971.2/JY8
 
预约/预借
| 序号 | 登录号 | 条形码 | 馆藏地/架位号 | 状态 | 备注 |
| 1 | 7813240 | 278132405 | 学院路分馆/ [索取号:D971.2/JY8] | 在馆 | |
| 2 | 7813241 | 278132414 | 学院路分馆/ [索取号:D971.2/JY8] | 在馆 |